La integración lationamericana en una etapa de decisiones (Registro nro. 6656)
[ vista simple ]
| 000 -LEADER | |
|---|---|
| fixed length control field | 01889 a2200301 4500 |
| 001 - CONTROL NUMBER | |
| control field | 59350 |
| 005 - DATE AND TIME OF LATEST TRANSACTION | |
| control field | 20260407155847.0 |
| 008 - FIXED-LENGTH DATA ELEMENTS--GENERAL INFORMATION | |
| fixed length control field | 260407a1973 arg spa d |
| 003 - CONTROL NUMBER IDENTIFIER | |
| control field | AR-UNSa-BCEJYS |
| 040 ## - CATALOGING SOURCE | |
| Original cataloging agency | AR-UNSa-BCEJYS |
| Language of cataloging | spa |
| Transcribing agency | AR-UNSa-BCEJYS |
| 080 ## - UNIVERSAL DECIMAL CLASSIFICATION NUMBER | |
| Universal Decimal Classification number | 330.34(7/8) |
| Common auxiliary subdivision | Desarrollo Económico de América Latina |
| 100 1# - MAIN ENTRY--PERSONAL NAME | |
| Personal name | Wyndham- White, Eric |
| 245 10 - TITLE STATEMENT | |
| Title | La integración lationamericana en una etapa de decisiones |
| 264 #1 - PRODUCTION, PUBLICATION, DISTRIBUTION, MANUFACTURE, AND COPYRIGHT NOTICE | |
| Place of production, publication, distribution, manufacture | Buenos Aires : |
| Name of producer, publisher, distributor, manufacturer | BID/INTAL (Banco Interamericano de Desarrollo. Instituto para la integración de América Latina) |
| Date of production, publication, distribution, manufacture, or copyright notice | 1973 |
| 300 ## - PHYSICAL DESCRIPTION | |
| Extent | 193 p. |
| Dimensions | 22 cm. |
| 505 ## - FORMATTED CONTENTS NOTE | |
| Formatted contents note | 1. Causas y efectos de los procesos de integración económica en el mundo actual, por Sir Eric Wyndham-White - 2. El Segundo Decenio para el desarrollo y la integración económica regional, por Bela Balassa - 3. La integración económica en América Latina, por Raúl Prebisch - 4. La integración económica latinoamericana en la planificación nacional del desarrollo, por Enrique Iglesias - 5. Los aspectos políticos y sociales de la integración de América Latina, por Carlos Lleras Restrepo - 6. La ALALC: La experiencia de una evolución de once años, por Gustavo Magariños - 7. Visión crítica de la ALALC, por Alberto Solá - 8. El grupo Andino y el poder de la acción solidaria, por Germánico Salgado Peñaherrera - 9. La comunidad económica Europea y la integración, por Jean Rey - 10. Experiencia de los países de menor dimensión económica en el proceso integracionista europeo, por Ramón Tamames |
| 590 ## - LOCAL NOTE (RLIN) | |
| Local note | niveau_biblio:m niveau_hierar:0 |
| 700 1# - ADDED ENTRY--PERSONAL NAME | |
| Personal name | Balassa, Bela |
| 700 1# - ADDED ENTRY--PERSONAL NAME | |
| Personal name | Prebisch, Raúl |
| 700 1# - ADDED ENTRY--PERSONAL NAME | |
| Personal name | Iglesias, Enrique |
| 700 1# - ADDED ENTRY--PERSONAL NAME | |
| Personal name | Lleras Restrepo, Carlos |
| 700 1# - ADDED ENTRY--PERSONAL NAME | |
| Personal name | Magariños, Gustavo |
| 700 1# - ADDED ENTRY--PERSONAL NAME | |
| Personal name | Solá, Alberto |
| 700 1# - ADDED ENTRY--PERSONAL NAME | |
| Personal name | Salgado P., Germánico |
| 700 1# - ADDED ENTRY--PERSONAL NAME | |
| Personal name | Rey, Jean |
| 700 1# - ADDED ENTRY--PERSONAL NAME | |
| Personal name | Tamames, Ramón |
| 942 ## - ADDED ENTRY ELEMENTS (KOHA) | |
| Koha item type | |
| Withdrawn status | Lost status | Damaged status | Not for loan | Home library | Current library | Shelving location | Date acquired | Total checkouts | Full call number | Barcode | Date last seen | Price effective from | Koha item type |
|---|---|---|---|---|---|---|---|---|---|---|---|---|---|
| Biblioteca Prof. Eusebio Cleto del Rey | Biblioteca Prof. Eusebio Cleto del Rey | 07/04/2026 | 330.34(7/8) W985 | L44072 | 07/04/2026 | 07/04/2026 | Libro | ||||||
| Biblioteca Prof. Eusebio Cleto del Rey | Biblioteca Prof. Eusebio Cleto del Rey | 07/04/2026 | 330.34(7/8) W985 | L13828 | 07/04/2026 | 07/04/2026 | Libro |